000 01080ngm a2200265 a 4500
005 20220317001344.0
008 161108s9999 sp g 000 0 spa
082 0 4 _a582.16 D32a
_bD32a
110 _aDidaco
_971276
245 1 4 _aLos árboles
_bLos volcanes
_cDidaco, Tessloff
_hvideodisco digita
250 _a1a. edición
300 _a1 DVD (50 minutos)
_bsonido, color, digital
_c19 cm
490 _aDescubrir cómo y por qué
505 _aLos árboles : ¿Cuántos tipos de árboles hay?, ¿Durante cuántos años puede vivir un árbol?, ¿Cuáles son los árboles más altos del planeta?, ¿Por qué las hojas se vuelven rojas y amarillas en otoño?, ¿Cómo se convierte la madera en papel?
650 1 4 _2LEMB
_aArboles
_vVideodiscos
650 1 4 _2LEMB
_aVolcanes
_vVideodiscos
650 1 4 _2LEMB
_aPlantas
_vVideodiscos
710 _aTessloff
_971279
942 _2ddc
_cDVD
264 _aBarcelona
_bDidaco
336 _atexto
_btxt
_2rdacontent
337 _asin mediación
_bn
_2rdamedia
338 _avolumen
_bnc
_2rdacarrier
040 _aCO-BoRNBP
_bspa
_erda
_cCO-BoRNBP
999 _c6711
_d6711